[Event "Young Masters"]
[Site "Cuernavaca MEX"]
[Date "2006.02.05"]
[Round "3"]
[White "Volokitin,And"]
[Black "Cheparinov,I"]
[Result "1/2-1/2"]
[WhiteElo "2665"]
[BlackElo "2625"]
[EventDate "2006.02.03"]

1. e4 e5 2. Nf3 Nc6 3. Bb5 Nf6 4. d3 Bc5 5. c3 O-O 6. Bxc6 bxc6 7. Nxe5 d5
8. d4 Bb6 9. Bg5 c5 10. dxc5 Bxc5 11. Nd3 Be7 12. e5 Ne4 13. Bxe7 Qxe7 14.
O-O Ba6 15. Re1 Qh4 16. g3 Qh6 17. b4 Qb6 18. Nc5 Nxc5 19. bxc5 Qxc5 20.
Qd4 Qe7 21. Qxd5 Rad8 22. Qa5 Qe6 23. c4 Rd4 24. Nc3 Rxc4 25. Rab1 h5 26.
Nd5 Rc8 27. Ne7+ Qxe7 28. Qxa6 Qe6 29. Qxe6 fxe6 30. Rb7 a5 31. Ra7 a4 32.
Re3 Rf8 33. Kg2 g5 34. Ra3 Rc2 35. Rf3 Rxf3 36. Kxf3 Rxa2 37. Rxc7 Rb2 38.
Ra7 Rb4 39. Ke3 Kf8 40. f4 g4 41. Kd3 h4 42. gxh4 Rxf4 43. h5 a3 44. h6 Kg8
45. Ke3 Rf7 46. h7+ Rxh7 47. Ra8+ Kf7 48. Kf4 Rxh2 49. Rxa3 Rf2+ 50. Kxg4
Rf5 1/2-1/2

[Event "Young Masters"]
[Site "Cuernavaca MEX"]
[Date "2006.02.07"]
[Round "5"]
[White "Volokitin,And"]
[Black "Karjakin,Sergey"]
[Result "1-0"]
[WhiteElo "2665"]
[BlackElo "2660"]
[EventDate "2006.02.03"]

1. e4 e5 2. Nf3 Nc6 3. Bb5 Nf6 4. O-O Nxe4 5. d4 Nd6 6. Bxc6 dxc6 7. dxe5
Nf5 8. Qxd8+ Kxd8 9. Nc3 Ne7 10. h3 h6 11. Be3 Nd5 12. Rad1 Be6 13. Nd4
Nxe3 14. fxe3 Ke8 15. Nxe6 fxe6 16. Ne2 Bc5 17. Rf3 Rf8 18. Kf2 Rf5 19.
Rxf5 exf5 20. Kf3 Ke7 21. e4 g6 22. exf5 gxf5 23. Nf4 Rg8 24. g4 fxg4+ 25.
hxg4 Rg5 26. Rh1 Kf7 27. Rh5 Be7 28. Nh3 Rg6 29. Nf4 Rg5 30. Ng2 Rg6 31.
Nh4 Re6 32. Kf4 c5 33. Kf5 Ra6 34. Nf3 Bf8 35. g5 Ke8 36. e6 hxg5 37. Rh8
Ke7 38. Ne5 1-0

[Event "Young Masters"]
[Site "Cuernavaca MEX"]
[Date "2006.02.08"]
[Round "6"]
[White "Volokitin,And"]
[Black "Leon Hoyos,M"]
[Result "1-0"]
[WhiteElo "2665"]
[BlackElo "2428"]
[EventDate "2006.02.03"]

1. e4 c5 2. Nf3 Nc6 3. d4 cxd4 4. Nxd4 g6 5. c4 Bg7 6. Be3 Nf6 7. Nc3 O-O
8. Be2 d6 9. O-O Nxd4 10. Bxd4 Bd7 11. Qd2 Bc6 12. f3 a5 13. Rab1 Nd7 14.
Bf2 Nc5 15. b3 Qb8 16. Rfc1 Rc8 17. Rc2 Rc7 18. Bf1 h5 19. a3 b6 20. b4
axb4 21. axb4 Nd7 22. Nd5 Bxd5 23. cxd5 Bh6 24. Qd1 Ra3 25. Rc6 Rc3 26. Qa4
Qb7 27. Ba6 R3xc6 28. dxc6 Qxc6 29. Qxc6 Rxc6 30. Bb5 Rc7 31. Bxd7 Rxd7 32.
Bxb6 Rb7 33. Bd4 Rb5 34. Kf1 Bg7 35. Bxg7 Kxg7 36. Ke2 Kf6 37. Kd3 Ke5 38.
Kc4 Rb8 39. b5 f5 40. exf5 gxf5 41. b6 d5+ 42. Kc5 Rc8+ 43. Kb5 Kd6 44. f4
Rg8 45. g3 Rh8 46. Rc1 d4 47. b7 Rb8 48. Kb6 e5 49. Rc6+ Kd5 50. Rc5+ Ke6
51. Rxe5+ Kd6 52. Ka7 1-0

[Event "Young Masters"]
[Site "Cuernavaca MEX"]
[Date "2006.02.11"]
[Round "9"]
[White "Felgaer,R"]
[Black "Volokitin,And"]
[Result "0-1"]
[WhiteElo "2607"]
[BlackElo "2665"]
[EventDate "2006.02.03"]

1. e4 c5 2. Nf3 e6 3. d4 cxd4 4. Nxd4 a6 5. Nc3 Qc7 6. g3 Nf6 7. Bg2 d6 8.
O-O Be7 9. a4 Nc6 10. Nb3 b6 11. f4 O-O 12. Be3 Bb7 13. g4 Rfe8 14. g5 Nd7
15. Rf3 Na5 16. Nxa5 bxa5 17. Rh3 Rad8 18. Qh5 Nf8 19. Rf1 d5 20. f5 exf5
21. exf5 d4 22. f6 Bc5 23. g6 gxf6 24. Nd5 Bxd5 25. Bxd5 Rxd5 26. Qxd5 Rxe3
27. Rh5 Ba7 28. gxh7+ Nxh7 29. Qg2+ Kh8 30. Kh1 Re5 31. Rg1 Rg5 32. Qe4 Rg6
33. Rxg6 fxg6 34. Qxg6 Qb7+ 35. Qg2 Qxb2 36. Qa8+ Bb8 37. Qe4 Qc1+ 38. Kg2
Qd2+ 39. Kf3 Qd1+ 40. Qe2 Qxe2+ 41. Kxe2 Be5 42. Rh3 Kg7 43. Rb3 Ng5 44.
Rb6 Ne4 45. Rxa6 Nc3+ 46. Kd3 Nxa4 47. Rxa5 Nb2+ 48. Ke4 Nc4 49. Ra6 Kg6
50. h3 Nd2+ 51. Kd3 Nf3 52. Ra1 Ng5 53. Rh1 Kh5 54. h4 Nf3 55. Ke4 Nxh4 56.
Rg1 Ng6 57. Kf5 Ne7+ 58. Ke6 Nc6 59. Kf5 Kh4 60. Rb1 Kg3 61. Rb6 Ne7+ 62.
Ke4 Kf2 63. Ra6 Ke2 64. Ra2 Kd2 65. c4+ Kc3 66. c5 Kb4 67. Rc2 Kb5 68. Rc1
Nc6 69. Kd5 Nb4+ 70. Ke4 Na2 71. Rc2 Nc3+ 0-1